Commonwealth Trivia Quiz #1 - Statistics

General Stats
  • This quiz has been taken 20 times
  • The average score is 10 of 15
Answer Stats
Question Answer % Correct
Which of the given countries is not a member of the Commonwealth? Japan
100%
Which of the following is NOT a core value or principle of the Commonwealth? Capitalism
94%
How often are the Commonwealth Games held? Every 4 years
88%
Which founding member of the Commonwealth is also part of the Francophonie? Canada
82%
Which country has most frequently hosted the Commonwealth Games? Australia
76%
What African member state was NOT a former British colony? This country was a Portuguese colony. Mozambique
76%
German is one of the official languages of which African member state? Namibia
71%
Which Asian region withdrew from the Commonwealth in the 1990s? Hong Kong
65%
Which two French-speaking African nations became member states of the Commonwealth in June 2022? Togo and Gabon
65%
How many countries are part of the Commonwealth? 56
59%
Which is the smallest Commonwealth state in terms of geographic size? Nauru
53%
In which year was the first ever Commonwealth Games held? 1930
47%
What percentage of the total population lives in the Commonwealth? 30%
41%
Which one of those members in Europe is formerly part of the Commonwealth? Ireland
41%
When is Commonwealth Day celebrated? on March 11 every year
12%
No matching quizzes found
Score Distribution
Percent of People with Each Score
Percentile by Number Answered
Your Score History
You have not taken this quiz